000 00335nam a2200145Ia 4500
008 230718s9999 xx 000 0 und d
041 _aEng.
082 _a910.202
_bJED-G
100 _aJedny, Golgen
245 0 _aGuide to washing bos
260 _aPakistan
_bPersonal Banking
_c1997
300 _a408
650 _aLaw
999 _c26074
_d26074